Theory for corporate leadership development. / (Record no. 8168)

MARC details
000 -LEADER
fixed length control field 00926cas a2200229 a 4500
001 - CONTROL NUMBER
control field 12282489
003 - CONTROL NUMBER IDENTIFIER
control field OSt
005 - DATE AND TIME OF LATEST TRANSACTION
control field 20211201113323.0
008 - FIXED-LENGTH DATA ELEMENTS--GENERAL INFORMATION
fixed length control field 000815c20009999ctuar r 0 a0eng c
020 ## - INTERNATIONAL STANDARD BOOK NUMBER
International Standard Book Number 9781456778231
035 ## - SYSTEM CONTROL NUMBER
System control number (OCoLC)ocm44788902
037 ## - SOURCE OF ACQUISITION
Source of stock number/acquisition Collegiate Career Consulting LLC, P.O. Box 8095, Berlin, CT 06037
040 ## - CATALOGING SOURCE
Transcribing agency LC
050 00 - LIBRARY OF CONGRESS CALL NUMBER
Classification number HD57.7.S49
100 ## - MAIN ENTRY--PERSONAL NAME
Fuller form of name Seshie, P. O.
245 04 - TITLE STATEMENT
Title Theory for corporate leadership development. /
Statement of responsibility, etc. P. O. Seshie.
260 ## - PUBLICATION, DISTRIBUTION, ETC.
Place of publication, distribution, etc. Central Milton Keynes:
Name of publisher, distributor, etc. Authorhouse,
Date of publication, distribution, etc. 2011.
300 ## - PHYSICAL DESCRIPTION
Extent xiv, 145 p;
505 ## - FORMATTED CONTENTS NOTE
Formatted contents note Contents: Organisational leadership -- Context surrounding organisational leadership -- Review of theory of leadership -- Changing mind on leadership -- The leadership in crisis -- Leadership and economic of organisation -- Theory for corporate leadership development -- Conclusion --
650 ## - SUBJECT ADDED ENTRY--TOPICAL TERM
Source of heading or term Corporate leadership
942 ## - ADDED ENTRY ELEMENTS (KOHA)
Source of classification or shelving scheme Library of Congress Classification
Koha item type Books
Holdings
Withdrawn status Lost status Source of classification or shelving scheme Damaged status Not for loan Home library Current library Shelving location Date acquired Full call number Barcode Date last seen Copy number Price effective from Koha item type
    Library of Congress Classification     WISCONSIN INTERNATIONAL UNIVERSITY COLLEGE, GHANA KUMASI LIBRARY WISCONSIN INTERNATIONAL UNIVERSITY COLLEGE, GHANA KUMASI LIBRARY General Stacks 08/11/2019 HD57.7.S49 K/1796/1796/19 30/11/2021 1 30/11/2021 Books
    Library of Congress Classification     WISCONSIN INTERNATIONAL UNIVERSITY COLLEGE, GHANA KUMASI LIBRARY WISCONSIN INTERNATIONAL UNIVERSITY COLLEGE, GHANA KUMASI LIBRARY General Stacks 08/11/2019 HD57.7.S491 K/1797/1797/19 30/11/2021 2 30/11/2021 Books
    Library of Congress Classification     WISCONSIN INTERNATIONAL UNIVERSITY COLLEGE, GHANA KUMASI LIBRARY WISCONSIN INTERNATIONAL UNIVERSITY COLLEGE, GHANA KUMASI LIBRARY General Stacks 08/11/2019 HD57.7.S492 K/1798/1798/19 30/11/2021 3 30/11/2021 Books
    Library of Congress Classification     WISCONSIN INTERNATIONAL UNIVERSITY COLLEGE, GHANA KUMASI LIBRARY WISCONSIN INTERNATIONAL UNIVERSITY COLLEGE, GHANA KUMASI LIBRARY General Stacks 08/11/2019 HD57.7.S493 K/1799/1799/19 30/11/2021 4 30/11/2021 Books

If you have any concerns or questions; kindly contact the library


© Powered by WIUC ICT DIRECTORATE